000 00277nam a22001217a 4500
008 180205b xxu||||| |||| 00| 0 eng d
041 _aeng
080 _a101
100 _a24
101 _afil
245 _ameditations on first philosophy
_claurence.j.l
942 _2udc
_cBK
999 _c41797
_d41797